| 000 | 01030cam a22003255a 4500 | ||
|---|---|---|---|
| 001 | 16814192 | ||
| 003 | OSt | ||
| 005 | 20260330103248.0 | ||
| 008 | 110608s2011 ke ab d 000 0 swa | ||
| 010 | _a 2011342753 | ||
| 020 | _a9789966361202 | ||
| 020 | _z9789966361200 | ||
| 035 | _a16814192 | ||
| 040 |
_aDLC _cDLC |
||
| 042 | _alcode | ||
| 245 | 0 | 0 |
_aKamusi ya karne ya 21 : _bkamusi ya Kiswahili yenye uketo zaidi katika karne hii. |
| 246 | 3 | _aKamusi ya karne ya ishirini na moja | |
| 260 |
_aNairobi, Kenya : _bLonghorn Publishers, _c2011. |
||
| 300 |
_axxvi, 614 p. : _bill. (chiefly col.), col. map ; _c21 cm. |
||
| 336 |
_atext _btxt _2rdacontent |
||
| 337 |
_aunmediated _bn _2rdamedia |
||
| 338 |
_avolume _bnc _2rdacarrier |
||
| 520 | _aA dictionary. | ||
| 546 | _aIn Swahili. | ||
| 650 | _2Kamusi, Kiswahili | ||
| 906 |
_a7 _bibc _corigode _d2 _encip _f20 _gy-gencatlg |
||
| 942 |
_2lcc _cBK |
||
| 999 |
_c44949 _d44949 |
||